00703 a2200145 4500003000500000005001700005040000900022082000800031100001300039245002300052260003900075300001000114505040400124538002900528Nust20170207154214.0 cNust a920 aCharlton aCharltoncCharlton alondonbGritain for Penguin c1938 a311p; aFirst Milestone (Page-11) Indelible Markings (page-15) Shame and Secrecy (Page-31) Tailing up and Down (Page-48) Polo Truant (Page-69) Zanzibar Ganymede’s (page-87) Adventitious Reward (Page-108) Maiden All Forlorn (Page-134) Garrison (Page-179) Over the Plain (Page-216) Femininity In Arms (page-237) Endurance and Resignation (Page-267) Death in Ibiza (Page-296) Watering and Plating (Page-303)  aAlmirah No.134Shelf No.4